| 000 | 00431nam a2200169Ia 4500 | ||
|---|---|---|---|
| 003 | GCL | ||
| 040 |
_aGCL / _cGCL |
||
| 082 | 0 | 4 |
_aCH _b833 _bI D |
| 100 | 1 | _aIMPRESSUM | |
| 245 | 1 | 0 |
_aDIE ABENTEUER VON MINI MULL: EIN MALBUCH FUR KINDER / _cIMPRESSUM |
| 260 |
_a[S.N] : _bIMPRESSUM ، _c1995 |
||
| 650 | 0 | 4 | _aCHILDREN |
| 650 | 0 | 4 | _aFICTION |
| 650 | 0 | 4 | _aCHILDREN FICTION - JAPAN |
| 650 | 0 | 4 | _aCHILDREN - FICTION |
| 942 |
_2ddc _cBK |
||
| 999 |
_c15144 _d15144 |
||